000 00441nam a2200145Ia 4500
008 100122s9999 xx 000 0 und d
082 _b28447
_a824
100 _aजाधव रा ग
245 _aआनंदाचा डोह
260 _bप्रज्ञा पाठशाळा मंडळ
_c1976
300 _a126
630 _aआनंदाचा डोह
730 _aआनंदाचा डोह
942 _cBOOK
999 _c414077
_d414074